Conformación de un corredor biológico en la zona amortiguadora del área de reserva de la estación biológica El Vínculo, municipio de Buga, a través de procesos de participación comunitaria (Registro nro. 4809)

Detalles MARC
000 -CABECERA
Campo de control 01555nam a2200241 a 4500
005 - FECHA Y HORA DE LA ULTIMA TRANSACCION
Campo de control 20200104041553.0
008 - ELEMENTOS DE LONGITUD FIJA—INFORMACION GENERAL
Campo de control 140124b2005 ck ||||| |||| 00| 0 spa d
040 ## - FUENTE DE CATALOGACIÓN
Agencia transcriptora CO-BoIH
041 ## - IDIOMA
Código de idioma para texto/pista de sonido o título separado Español
044 ## - PAÍS DE PUBLICACIÓN
País de publicación Colombia
090 ## - CLASIFICACIÓN LOCAL
Colección IAVH
Consecutivo 00442
110 ## - ASIENTO PRINCIPAL--NOMBRE CORPORATIVO
Unidad subordinad Instituto de Investigación de Recursos Biológicos Alexander von Humboldt
245 ## - MENCION DE TITULO
Título Conformación de un corredor biológico en la zona amortiguadora del área de reserva de la estación biológica El Vínculo, municipio de Buga, a través de procesos de participación comunitaria
260 ## - PUBLICACION, DISTRIBUCION, ETC. (PIE DE IMPRENTA)
Lugar de publicación, distribución, etc. Cali
Nombre del editor, distribuidor, etc. Instituto Alexander von Humboldt
-- INCIVA
Fecha de publicación, distribución, etc. 2005
300 ## - DESCRIPCION FISICA
Extensión 91 p.
520 ## - NOTA DE RESUMEN, ETC.
Nota de resumen Con el objeto de obtener la información para realizar el plan de manejo de la zona y generar proyectos de reforestación y establecimiento de corredores biológicos, el trabajo se centró en la caracterización y comparación de la flora de las unidades de vegetación que conforman la Estación Biológica El Vínculo, para establecer el grado de conservación en que se encuentra y, a su vez, se compara con la flora existente en el parche de bosque vecino a su zona de amortiguación. La caracterización se realizó mediante la evaluación de aspectos cuantitativos y cualitativos
650 ## - ASIENTO SECUNDARIO DE MATERIA - TERMINO TEMATICO
Término temático o nombre geográfico como elemento de entrada Corredor biológico
650 ## - ASIENTO SECUNDARIO DE MATERIA - TERMINO TEMATICO
Término temático o nombre geográfico como elemento de entrada Proceso de participación comunitaria
650 ## - ASIENTO SECUNDARIO DE MATERIA - TERMINO TEMATICO
Término temático o nombre geográfico como elemento de entrada Caracterización
710 ## - ASIENTO SECUNDARIO - NOMBRE CORPORATIVO
Nombre corporativo o de jurisdicción como elemento de entrada ^aInstituto para la Conservación y Preservación del Patrimonio Cultural y Natural del Valle del Cauca
942 ## - ELEMENTOS ADICIONALES (KOHA)
Tipo de ítem Informe Técnico
Sistema de clasificación Local
Koha issues (borrowed), all copies 1
945 ## - PROCESAMIENTO LOCAL
AAAA-MM-DD - Fecha de ingreso o modificacion 2005-11-15
Existencias
Withdrawn status Lost status Sistema de Clasificación Damaged status No para préstamo Colección Ubicación Permanente Ubicación actual Fecha de adquisición Fuente de Valor Total Checkouts Número topográfico Inventario / Código de Barras Date last seen Ejemplar Price effective from Forma de adquisición Tipo de material Inventariado Date checked out
    Local     Humboldt Bogotá Bogotá 05/12/2005 CID Humboldt 1 IAVH-00442 022478 09/08/2024 V. 2 Ej. 1 04/12/2012   Informe Técnico Inventariado 2017 28/04/2016
    Local     Humboldt Villa de Leyva Villa de Leyva 15/11/2005 CID Humboldt   IAVH-00442 022248 04/12/2012 Ej. 1 04/12/2012   CD-ROM